000 00607nam a2200205Ia 4500
005 20250923145208.0
008 008 250917s9999 xx 000 0 eng d
037 _aTextual
040 _aDSWL
_beng
_cDSWL
041 _aeng
_2eng
084 _aL7:4:691oaY2x, N68
_qDSWL
100 _aHowells, J.G.
_9832764
245 0 _aTheory and practice of Family Psychiatry
_cby J.G. Howells
260 _aEdinburgh
_bOliver and boyd Ltd.
_c1968
300 _av,158p.
365 _aINR
_b189
925 _g189
942 _cTEXL
_hL7:4:691oaY2x, N68
999 _c1448315
_d1448315